| Tag |
First Indicator |
Second Indicator |
Subfields |
| LEADER |
00000cam a2200000 a 4500 |
| 001 |
in00001136713 |
| 005 |
20150930084429.0 |
| 008 |
940831s1991 mx bc 001 0 spa d |
| 020 |
|
|
|a 9682937426
|
| 035 |
|
|
|a (OCoLC)31039115
|
| 035 |
|
|
|9 AFX7185AM
|
| 040 |
|
|
|a TXA
|c TXA
|d UtOrBLW
|
| 043 |
|
|
|a n-us-tx
|a n-mx---
|
| 049 |
|
|
|a TXAM
|
| 090 |
|
|
|a F389
|b .G87 1991
|
| 100 |
1 |
|
|a Gutiérrez Ibarra, Celia.
|
| 245 |
1 |
0 |
|a Documentos sobre la colonización de Texas, 1827-1831 /
|c Celia Gutiérrez Ibarra.
|
| 250 |
|
|
|a 1. ed.
|
| 264 |
|
1 |
|a México, D.F. :
|b Biblioteca Nacional de Antropología e Historia, Instituto Nacional de Antropología e Historia,
|c 1991.
|
| 300 |
|
|
|a 96 pages ;
|c 28 cm.
|
| 336 |
|
|
|a text
|b txt
|2 rdacontent
|
| 337 |
|
|
|a unmediated
|b n
|2 rdamedia
|
| 338 |
|
|
|a volume
|b nc
|2 rdacarrier
|
| 490 |
1 |
|
|a Cuaderno de trabajo ;
|v 73
|
| 504 |
|
|
|a Includes bibliographical references (page [89]) and index.
|
| 651 |
|
0 |
|a Texas
|x History
|y To 1846
|x Sources
|x Bibliography
|x Catalogs.
|
| 651 |
|
0 |
|a Texas
|x Colonization
|x History
|y 19th century
|x Sources
|x Bibliography
|x Catalogs.
|
| 610 |
2 |
0 |
|a Biblioteca Nacional de Antropología e Historia
|x Catalogs.
|
| 830 |
|
0 |
|a Cuaderno de trabajo (Biblioteca Nacional de Antropología e Historia) ;
|v 73.
|
| 999 |
|
|
|a MARS
|
| 999 |
f |
f |
|s 266c799e-dd2e-32d6-a021-7b29910ec696
|i 61adcfca-b43f-3126-b687-69f29b1150ff
|t 0
|
| 952 |
f |
f |
|p ric
|a Texas A&M University
|b Rellis Campus
|c Joint Library Facility
|d Remote Storage
|t 0
|e F389 .G87 1991
|h Library of Congress classification
|i unmediated -- volume
|m A14818481550
|
| 998 |
f |
f |
|a F389 .G87 1991
|t 0
|l Remote Storage
|